Diffusion of telecenter innovation in East Java and its impact : a case study of Telecenter Sakti in Gubugklakah village /
Saved in:
| Main Author: | |
|---|---|
| Format: | Thesis |
| Language: | English |
| Published: |
Kuala Lumpur :
Kulliyyah of Information and Communication Technology, International Islamic University Malaysia,
2021
|
| Subjects: | |
| Online Access: | http://studentrepo.iium.edu.my/handle/123456789/10688 |
| Tags: |
Add Tag
No Tags, Be the first to tag this record!
|
| LEADER | 018190000a22003730004500 | ||
|---|---|---|---|
| 008 | 210923s2021 my a f m 000 0 eng d | ||
| 040 | |a UIAM |b eng |e rda | ||
| 041 | |a eng | ||
| 043 | |a a-my--- |a a-io--- | ||
| 050 | 4 | |a HE8394 | |
| 100 | 1 | |a Machfud, Alfi Khairiansyah, |e author |9 5362 | |
| 245 | 1 | 0 | |a Diffusion of telecenter innovation in East Java and its impact : |b a case study of Telecenter Sakti in Gubugklakah village / |c by Alfi Khairiansyah Machfud |
| 264 | 1 | |a Kuala Lumpur : |b Kulliyyah of Information and Communication Technology, International Islamic University Malaysia, |c 2021 | |
| 300 | |a xxi, 365 leaves : |b colour illustrations ; |c 30cm. | ||
| 336 | |2 rdacontent |a text | ||
| 337 | |2 rdamedia |a unmediated | ||
| 337 | |2 rdamedia |a computer | ||
| 338 | |2 rdacarrier |a volume | ||
| 338 | |2 rdacarrier |a online resources | ||
| 347 | |2 rdaft |a text file |b PDF | ||
| 502 | |a Thesis (Ph.D)--International Islamic University Malaysia, 2021. | ||
| 504 | |a Includes bibliographical references (leaves 327-338). | ||
| 650 | 0 | |a Telecommunication |z Indonesia |9 5363 | |
| 650 | 0 | |a Information technology |9 137 |z Indonesia | |
| 650 | 0 | |a Information technology |x Social aspects |z Indonesia |9 8713 | |
| 655 | 7 | |a Theses, IIUM local | |
| 690 | |a Dissertations, Academic |x Kulliyyah of Information and Communication Technology |z IIUM |9 4793 | ||
| 700 | 0 | |a Mira Kartiwi, |e degree supervisor |9 5365 | |
| 710 | 2 | |a International Islamic University Malaysia. |b Kulliyyah of Information and Communication Technology |9 4794 | |
| 856 | 4 | |u http://studentrepo.iium.edu.my/handle/123456789/10688 | |
| 900 | |a sz-nbm | ||
| 942 | |2 lcc |c THESIS |n 0 | ||
| 999 | |c 439347 |d 470734 | ||
| 952 | |0 0 |1 0 |2 lcc |4 0 |6 T H E8394 M00149D 02021 |7 3 |8 IIUMTHESIS |9 762618 |a IIUM |b IIUM |c THESIS |d 2022-06-28 |g 0.00 |o t HE 8394 M149D 2021 |p 11100393499 |r 1900-01-02 |t 1 |v 0.00 |y THESIS | ||
